Statistiken für deutsche Bundeskanzler

Klicken Sie hier um das Quiz zu spielen!

Allgemein

  • Dieses Quiz wurde 306 mal gespielt
  • Das Durchschnittsergebnis liegt bei 7 aus 9

Antwortstatistiken

DauerParteiBundeskanzler% Korrekt
seit 2005CDUAngela Merkel
99%
1982 - 1998CDUHelmut Kohl
96%
1949 - 1963CDUKonrad Adenauer
94%
1998 - 2005SPDGerhard Schröder
92%
1974 - 1982SPDHelmut Schmidt
92%
1969 - 1974SPDWilly Brandt
85%
1963 - 1966CDULudwig Erhard
69%
1966 - 1969CDUKurt Georg Kiesinger
63%
1974 (9 Tage)FPDWalter Scheel
44%

Verteilung der Resultate

Perzentil nach korrekt beantworteten Fragen

Anzahl Personen mit jedem Resultat

Ihre Resultats-Entwicklung

Sie haben dieses Quiz noch nicht gespielt